000 01744cam a22003254a 4500
999 _c2685
_d2685
001 15730243
003 OSt
005 20230810084544.0
008 090508s2010 nyuab b 001 0 eng
010 _a 2009019041
020 _a9780195368086
_q(pbk. : alk. paper)
040 _aDLC
_cDLC
_dDLC
_dKH8
043 _aa-jp---
082 0 0 _a952 HUF
100 1 _aHuffman, James L.,
_d1941-
245 1 0 _aJapan in world history /
_cJames L. Huffman.
260 _aNew York :
_bOxford University Press,
_c2010.
300 _axiv, 156 pages :
_bill., maps ;
_c9.1 x 6 x 0.5 inches .
490 0 _aNew Oxford world history
500 _aIncludes Index
504 _aIncludes bibliographical references and index.
505 0 _aBefore the brush (to 645 ce) -- Emperors and aristocrats : rule by law and taste (645-1160) -- Warriors : the long rise (1160-1550) -- Peace and its benefits (1550 to 1850) -- The nation transformed (1850 to 1905) -- Engaging the world, for good and for ill (1905 to 1945) -- A new kind of power (after 1945).
520 _a"Here is a marvelous compact history of Japan from earliest times to the present focusing on Japan's relationships with the rest of the world. In lively prose rooted in observations by people who lived the history, the work highlights the contributions of a wide range of acetors: women as well as men, commoners as well as elites"--Publisher supplied summary.
650 0 _aWorld history.
651 0 _aJapan
_xHistory.
651 0 _aJapan
_xForeign relations.
906 _a7
_bcbc
_corignew
_d1
_eecip
_f20
_gy-gencatlg
942 _2ddc
_cTR